Writing and Publishing a Scientific Research Paper

This book covers all essential aspects of writing scientific research articles, presenting eighteen carefully selected titles that offer essential, "must-know" content on how to write high-quality articles. The book also addresses other, rarely discussed areas of scientific writing includi...

Full description

Saved in:
Bibliographic Details
Corporate Author SpringerLink (Online service)
Other Authors Parija, Subhash Chandra (Editor), Kate, Vikram (Editor)
Format Electronic eBook
LanguageEnglish
Published Singapore : Springer Singapore : Imprint: Springer, 2017.
Subjects
Online AccessFull text
ISBN9789811047206
DOI10.1007/978-981-10-4720-6
Physical DescriptionXVII, 195 p. 51 illus., 39 illus. in color. online resource.

Cover

LEADER 00000nam a22000005i 4500
001 101546
003 CZ-ZlUTB
005 20251008112035.0
006 m o d
007 cr nn 008mamaa
008 170728s2017 si | s |||| 0|eng d
020 |a 9789811047206 
024 7 |a 10.1007/978-981-10-4720-6  |2 doi 
245 1 0 |a Writing and Publishing a Scientific Research Paper /  |c edited by Subhash Chandra Parija, Vikram Kate. 
264 1 |a Singapore :  |b Springer Singapore :  |b Imprint: Springer,  |c 2017. 
300 |a XVII, 195 p. 51 illus., 39 illus. in color.  |b online resource. 
336 |a text  |b txt  |2 rdacontent 
337 |a počítač  |b c  |2 rdamedia 
338 |a online zdroj  |b cr  |2 rdacarrier 
506 |a Plný text je dostupný pouze z IP adres počítačů Univerzity Tomáše Bati ve Zlíně nebo vzdáleným přístupem pro zaměstnance a studenty 
520 |a This book covers all essential aspects of writing scientific research articles, presenting eighteen carefully selected titles that offer essential, "must-know" content on how to write high-quality articles. The book also addresses other, rarely discussed areas of scientific writing including dealing with rejected manuscripts, the reviewer's perspective as to what they expect in a scientific article, plagiarism, copyright issues, and ethical standards in publishing scientific papers. Simplicity is the book's hallmark, and it aims to provide an accessible, comprehensive and essential resource for those seeking guidance on how to publish their research work. The importance of publishing research work cannot be overemphasized. However, a major limitation in publishing work in a scientific journal is the lack of information on or experience with scientific writing and publishing. Young faculty and trainees who are starting their research career are in need of a comprehensive guide that provides all essential components of scientific writing and aids them in getting their research work published. 
650 0 |a Medicine. 
655 7 |a elektronické knihy  |7 fd186907  |2 czenas 
655 9 |a electronic books  |2 eczenas 
700 1 |a Parija, Subhash Chandra.  |e editor. 
700 1 |a Kate, Vikram.  |e editor. 
710 2 |a SpringerLink (Online service) 
776 0 8 |i Printed edition:  |z 9789811047190 
856 4 0 |u https://proxy.k.utb.cz/login?url=http://dx.doi.org/10.1007/978-981-10-4720-6 
992 |c NTK-SpringerMED 
999 |c 101546  |d 101546 
993 |x NEPOSILAT  |y EIZ